000 00214nam a2200097Ia 4500
008 170619s9999 xx 000 0 und d
100 _aSrinath- L S
245 0 _aAdv. Mechanics of Solids
260 _bTMH
260 _c2002
546 _aENGLISH
999 _c16691
_d16691